Satisfied - All Lyrics - Statistics

General Stats
  • This quiz has been taken 538 times
  • The average score is 643 of 828
Answer Stats
Answer % Correct
A
98%
To
98%
I
97%
The
97%
That
95%
You
95%
Be
94%
Groom
94%
Satisfied
94%
Who
94%
Your
94%
And
93%
For
93%
Is
93%
Of
93%
Sister
93%
Bride
92%
By
92%
He
92%
Angelica
91%
As
91%
Ha
91%
My
91%
Never
91%
Always
90%
So
90%
Alexander
89%
From
89%
Hi
89%
I'm
89%
In
89%
It
89%
No
89%
Side
89%
Toast
89%
Union
89%
What
89%
Hope
88%
Eyes
87%
Have
87%
May
86%
Me
86%
Night
86%
Provide
86%
Remember
86%
Rewind
86%
When
86%
Been
85%
Just
85%
Know
85%
Like
84%
This
84%
Time
84%
Face
82%
Forget
82%
Name
82%
You're
82%
Days
81%
Hamilton
81%
Has
81%
Might
81%
Rest
81%
Revolution
81%
Right
81%
Said
81%
Same
81%
Win
81%
But
80%
First
80%
Saw
80%
Where
80%
About
79%
Boy
79%
Forgot
79%
I'll
79%
Schuyler
79%
Then
78%
Can't
77%
Give
77%
Mean
77%
Not
77%
Seat
77%
See
77%
Helpless
76%
Set
76%
At
75%
Heart
75%
Intelligent
75%
Maid
75%
Our
75%
Woman
75%
Yourself
75%
Damn
74%
Don't
74%
Game
74%
Strike
74%
Those
74%
Three
74%
Up
74%
Where's
74%
Soldier
73%
Aflame
72%
Feels
72%
Place
72%
Praise
72%
Regret
72%
That's
72%
Two
72%
His
71%
Million
71%
Things
71%
Wait
71%
With
71%
Done
70%
Dream
70%
Frame
70%
Haven't
70%
Over
70%
There's
70%
Boys
69%
It's
69%
Match
69%
Quite
69%
Catch
68%
Hell
68%
Someone
68%
Unimportant
68%
Maybe
66%
Sure
66%
Themselves
66%
Now
65%
Part
65%
Candlelight
64%
Leave
64%
Minutes
64%
Alright
62%
Does
62%
Talkin'
62%
Tripping
62%
Feeling
61%
Him
61%
She
61%
We
61%
Ben
60%
Franklin
60%
Freedom
60%
He's
60%
Key
60%
Kite
60%
Bit
59%
Conversation
59%
Hands
59%
Her
59%
Lasted
59%
Light
59%
All
58%
Are
57%
Chance
57%
Flirt
57%
Level
57%
Hunger-Pang
56%
Exact
55%
Honour
55%
Pants
55%
Total
55%
Did
54%
Life
54%
One
54%
Seein'
54%
Sister's
54%
Agreement
53%
Answer
53%
Fuzz
53%
Grow
53%
Handsom
53%
Peach
53%
Penniless
53%
Asked
52%
Even
52%
Fundamental
52%
Will
52%
Realise
51%
Take
51%
Truths
51%
Stance
50%
Dreamlike
49%
Posture
49%
Taking
49%
Turn
49%
Wits
49%
Change
48%
Eliza
48%
Everyone
48%
Flying
48%
Started
48%
Dance
46%
Any
45%
Away
45%
Far
45%
Looked
45%
Father
44%
Fidgeting
44%
Marry
44%
Rich
44%
Tell
44%
Way
44%
Girl
43%
Oldest
43%
Only
43%
Wanna
43%
Job
42%
Lead
42%
Number
42%
Climb
41%
Means
41%
New
41%
Social
41%
Want
41%
World
41%
York
41%
Sons
40%
Which
40%
Wittiest
39%
City
38%
Doesn't
38%
Less
38%
Askance
35%
Gossip
35%
Meet
35%
Was
34%
Naïve
33%
Fam'ly
32%
Going
32%
Introduce
32%
Mind
32%
Why
32%
Aside
31%
If
31%
Own
30%
Status
30%
I'd
29%
Nice
29%
Elevates
28%
Love
28%
After
27%
Pleasure
27%
Elizabeth
26%
Find
26%
Insidious
26%
Kind
26%
Or
25%
Ev'ry
24%
Trusting
24%
Us
24%
Anyone
23%
Say
23%
War
23%
Mine
21%
She'd
21%
Would
21%
Drownin'
20%
Lying
20%
Worth
20%
Fighting
19%
Ev'rything
18%
He'd
18%
Least
18%
Thank
18%
Wife
18%
Fine
17%
Resigned
17%
Service
17%
Silently
17%
Takes
17%
Alexander's
16%
Dear
16%
Quickly
16%
Sized
16%
Fantasize
15%
Keep
15%
Put
15%
Cuz
14%
Sky's
13%
Eliza's
12%
Hadn't
12%
Em
10%
Happy
10%
She'll
10%
Romantacise
3%
No matching quizzes found
Score Distribution
Percent of People with Each Score
Percentile by Number Answered
Your Score History
You have not taken this quiz